Sports Quiz

Random Sports or Soccer Quiz

FIFA Players With Most Caps Quiz Stats

 Plays Quiz Updated Sep 2, 2019

Score 0/143 Timer 17:00
20 Plays Today
Caps Player % Correct
156Cristiano Ronaldo
66.9%
129Lionel Messi
59.2%
155Landon Donovan
48.5%
120Wayne Rooney
42%
123Thierry Henry
40.9%
131Andres Iniesta
40.8%
126Paolo Maldini
35.4%
125Peter Shilton
34.2%
140Clint Dempsey
33.2%
176Gianluigi Buffon
33.1%
167Iker Casillas
32.4%
163Sergio Ramos
30.8%
142Cafu
29.2%
120Tim Howard
28.8%
127Luis Figo
28.5%
133Xavi Hernandez
28%
125Roberto Carlos
27.3%
143Robbie Keane
25.9%
164Cobi Jones
24.7%
150Lothar Matthäus
24.3%
130Edwin van der Sar
24.3%
124Alexis Sánchez
24.2%
120Luka Modrić
23.9%
120Bastian Schweinsteiger
23.5%
136Fabio Cannavaro
23.4%
142Lilian Thuram
23.3%
121Peter Schmeichel
23.1%
124Gheorghe Hagi
22.3%
120Kolo Toure
21.7%
137Miroslav Klose
19.7%
128Lukas Podolski
17.8%
143Javier Zanetti
17.1%
123Petr Čech
16.9%
137Jari Litmanen
16.7%
125David Silva
16.3%
134Wesley Sneijder
15.7%
137Rigobert Song
14.9%
127Mudhafar Hassan
14.7%
177Claudio Suárez
14.6%
148Paulo da Silva
14.4%
148Ali Daei
14.4%
170Hossam Hassan
13.3%
184Ahmed Hassan
13.2%
148Rafael Marquez
13%
130Ibrahim Hassan
12.9%
147Javier Mascherano
12.9%
132Shay Given
12.9%
120Mart Poom
11.1%
Caps Player % Correct
144Michael Bradley
11.1%
126Diego Godín
10.5%
129Jorge Campos
9.7%
143Thomas Ravelli
9.6%
126Amad Al Hosni
9.5%
134Darijo Srna
9.4%
127Young-Pyo Lee
9.1%
149Salman Isa
8.4%
145Gabriel Gomez
8%
132Carlos Ruiz
7.7%
126Andoni Zubizarreta
7%
133Andreas Isaksson
7%
139Georgios Karagounis
6.7%
156Sami Al-Jaber
6.5%
145Husain Mohamed
6.4%
128Roberto Palacios
6.4%
143Anders Svensson
5.9%
120Rüstü Reçber
5.9%
131Kim Källström
5.7%
133Ali Al Habsi
5.4%
126DaMarcus Beasley
5.4%
178Mohamed Al-Deayea
5.1%
168Iván Hurtado
5.1%
122Ragnar Klavan
4.8%
152Andres Guardado
4.7%
146Pável Pardo
4.6%
134Jeff Agoos
4.2%
123Didier Zokora
4.1%
169Mubarak Ahmed
3.9%
127Marcelo Balboa
3.8%
127Ali Mohammed Karimi
3.7%
131Fathi Ahmed
3.7%
123Carlos Salcido
3.6%
127Dennis Rommedahl
3.4%
136Hong Myung-Bo
3.3%
121Boniek Garcia
3.2%
152Yasuhito Endo
3.1%
147Maynor Figueroa
3%
134Michael Mifsud
3%
133Andres Oper
3%
134Dorinel Munteanu
2.9%
166Vitalijs Astafjevs
2.8%
156Martin Reim
2.7%
144Gerrado Torrado
2.6%
127Sergey Ignashevich
2.6%
159Essam El-Hadary
2.6%
142Younis Mahmoud
2.4%
134Bashar Abdulaziz
2.3%
Caps Player % Correct
125Maximiliano Pereira
2.3%
120Justo Villar
2.3%
125Mario Frick
2.2%
132Amri Bin Mohammad
2.1%
142Marko Kristal
2.1%
135Walter Centeno
2.1%
125Ian Goodison
2.1%
134Noel Valladares
2%
137Amado Guevara
1.9%
144Anatoliy Tymoshchuk
1.9%
131Lee Woon-Jae
1.9%
161Adnan Al-Talyani
1.9%
124Hany Ramzy
1.8%
131Peter Jehle
1.8%
128Juan Arango
1.7%
143Shahril Ishak
1.8%
126Luis Marín
1.7%
133Saud Kariri
1.7%
148Javad Nekounam
1.7%
122Masami Ihara
1.6%
124Linval Dixon
1.6%
163Mohammed Al-Khilaiwi
1.5%
124Enar Jaager
1.5%
146Amer Shafi
1.5%
133Ismaeil Matar
1.4%
121Ildefonso Lima
1.4%
145Daniel Bennett
1.3%
131Kiatisuk Senamuang
1.3%
125Mesaed Neda
1.3%
120Sang-Chul Yoo
1.3%
121Walter Ayovi
1.3%
134Jaime Penedo
1.3%
141Abdullah Zubromawi
1.2%
132Sargis Hovsepyan
1.1%
168Bader Al-Mutawa
1.1%
136Baihakki Bin Khaizan
1.1%
138Hussein Sulaimani
1.1%
121Mohamed Abdeljawad
1%
121Aide Bin Sahak
0.9%
138Hawsawi Osama
0.9%
126Mohamed Salmeen
0.8%
135Waleed Jumah
0.7%
127Server Djeparov
0.6%
120Subait Al-Junaibi
0.6%
150Fawzi Doorbeen
0.6%
127Amer Khalil
0.5%
134Al Jassam Taiseer
0.4%

You're not logged in!

Compare scores with friends on all Sporcle quizzes.
OR
Log In

Sporcle TV

Today on Sporcle TV


Watch our educational content, quiz creation guides, and fun videos on Sporcle TV.

Show Comments

Extras

Top Quizzes Today


Score Distribution

Your Account Isn't Verified!

In order to create a playlist on Sporcle, you need to verify the email address you used during registration. Go to your Sporcle Settings to finish the process.

Report this User

Report this user for behavior that violates our Community Guidelines.

Details: